Standards of Practice Casebook /

שמור ב:
מידע ביבליוגרפי
מחבר תאגידי: Association for Investment Management and Research
פורמט: ספר
שפה:אנגלית
יצא לאור: Charlottesville, EUA : Association for Investment Management and Research, 1996, c1996
נושאים:
תגים: הוספת תג
אין תגיות, היה/י הראשונ/ה לתייג את הרשומה!

MARC

LEADER 00000nam^a2200000^a^4500
001 000182946
005 20250521000000.0
009 20260310102024.352
020 |a 1-879087-76-6 
037 |a Acervo ITESO - Biblioteca 
041 |a ING 
082 |a 174. 4  |b ASS 1996 
110 |a Association for Investment Management and Research 
245 1 0 |a Standards of Practice Casebook /  |c Association for Investment Management and Research ; pról. de Michael S. Caccese, Katrina F. Sherrerd. 
264 4 |a Charlottesville, EUA :  |b Association for Investment Management and Research,  |c 1996, c1996 
300 |a VI, 167 p. 
336 |a texto  |b txt  |2 rdacontenido 
337 |a sin mediación  |b n  |2 rdamedio 
338 |a volumen  |b nc  |2 rdasoporte 
649 |a XX 
650 |a Etica en los Negocios -  |z EUA -  |x Estudios de Caso 
650 |a Etica Profesional 
650 |a Inversiones -  |z EUA -  |x Estudios de Caso 
650 |a Administración Financiera 
650 |a Finanzas 
650 |a Proceso Administrativo 
650 |a Empresas -  |x Administración 
650 |a Ciencias Administrativas 
910 |a Fondo General 
920 |a Impresos - Libros 
930 |a Colección General 
905 |a 101 
901 |a 0500122970  |b IT1  |c ACC  |u 20250521 
902 |a https://opac.biblio.iteso.mx/vufind/Record/000182946